000 01044cad a22002415a 4500
001 E147610
008 090530s2009 xxk f l s000 0 eng d
035 _a(Sirsi) u147610
041 0 _aeng
110 2 _aScotland
_kLaws, etc
245 0 4 _aThe Private Landlord Registration (Modification) (Scotland) Order 2009
_h[electronic resource]
260 _aEdinburgh
_bScottish Government
_c2009
490 0 _aScottish Statutory Instrument
_v2009: 33
520 _aComes into force on 12 February 2009. These Regulations amend the Antisocial Behaviour etc. (Scotland) Act 2004 S83(6).
521 _aAdvanced
590 _aKA
650 2 4 _aPRIVATE LANDLORD REGISTRATION (MODIFICATION) (SCOTLAND) ORDER 2009
650 2 4 _aANTISOCIAL BEHAVIOUR ETC (SCOTLAND) ACT 2004
651 4 _aScotland
_y1999-
690 _aPROPERTY-RESIDENTIAL PROPERTY-RESIDENTIAL LANDLORD AND TENANT
856 4 0 _uhttps://www.opsi.gov.uk/legislation/scotland/ssi2009/ssi_20090033_en_1
_zView the statutory instrument free of charge at www.opsi.gov.uk...
942 _n0
999 _c109652
_d109652